Statistics for 5-Letter Word Chain Game #4

Click here to take the quiz!

General Stats

  • This quiz has been taken 50,818 times
  • The average score is 20 of 30

Answer Stats

HintAnswer% Correct
Striped animalZebra
99%
What a volcano might doErupt
92%
Spanish word for "friend"Amigo
89%
ExtraterrestrialAlien
88%
Himalayan countryNepal
86%
Depleted atmospheric layerOzone
86%
Laughing African animalHyena
85%
Island of fertility in a desertOasis
83%
Women's stockings materialNylon
82%
Two of his wives were beheadedHenry
81%
Something a horse saysNeigh
81%
Unit of weight for a gemCarat
80%
Native American empireAztec
79%
Capital of JapanTokyo
77%
Poorest country in the AmericasHaiti
77%
Bird's clawTalon
77%
What the Latin word "Terra" meansEarth
73%
Spanish party islandIbiza
68%
Dance in 3/4 timeWaltz
61%
Honda compact car modelCivic
58%
Type of parrotMacaw
48%
Old-fashioned British term for countyShire
47%
To move in a stealthy mannerCreep
46%
Uncontrollable fearPanic
41%
MC Hammer: Too _____ to quitLegit
38%
HoboTramp
38%
Slack-jawed simpletonYokel
36%
Song of King DavidPsalm
36%
Geological unit of timeEpoch
36%
EmbankmentLevee
24%

Score Distribution

Percentile by Number Answered

Percent of People with Each Score

Your Score History

You have not taken this quiz